Markets (Record no. 83007)

MARC details
000 -LEADER
fixed length control field 01169cab a22002055a 4500
001 - CONTROL NUMBER
control field L152582
008 - FIXED-LENGTH DATA ELEMENTS--GENERAL INFORMATION
fixed length control field 110330e20110311xxk 000 0 eng d
035 ## - SYSTEM CONTROL NUMBER
System control number (Sirsi) u152582
041 0# - LANGUAGE CODE
Language code of text/sound track or separate title eng
100 1# - MAIN ENTRY--PERSONAL NAME
Personal name Hatcher, David
245 00 - TITLE STATEMENT
Title Markets
Remainder of title East Midlands
260 ## - PUBLICATION, DISTRIBUTION, ETC.
Date of publication, distribution, etc. 2011
490 #0 - SERIES STATEMENT
Series statement Property Week
Volume/sequential designation 77(10) 11 March 2011, 59-66(4)
520 ## - SUMMARY, ETC.
Summary, etc. Big name retailers will be vying for a new anchor store at Capital Shopping Centres' 500 0000 sq ft extension of the Victoria Centre in Nottingham. Conversion of secondary office space into student flats seeks to reduce the flood of secondhand office space in Nottingham's office market. Two new Derby office schemes will be part-funded by Derby City Council's £10m regeneration fund. Amazon is prospecting locations for a new 1m square ft shed in the region. Newark and Sherwood District Council has brought in the Community Infrastructure Levy aimed at retail schemes ahead of schedule.
590 ## - LOCAL NOTE (RLIN)
Local note KA
651 #4 - SUBJECT ADDED ENTRY--GEOGRAPHIC NAME
Geographic name East Midlands
690 ## - LOCAL SUBJECT ADDED ENTRY--TOPICAL TERM (OCLC, RLIN)
Topical term or geographic name as entry element PROPERTY-COMMERCIAL PROPERTY-COMMERCIAL PROPERTY MARKET
690 ## - LOCAL SUBJECT ADDED ENTRY--TOPICAL TERM (OCLC, RLIN)
Topical term or geographic name as entry element PROPERTY-COMMERCIAL PROPERTY-COMMERCIAL PROPERTY FINANCE AND INVESTMENT
942 ## - ADDED ENTRY ELEMENTS (KOHA)
Suppress in OPAC 0
Holdings
Withdrawn status Lost status Source of classification or shelving scheme Damaged status Not for loan Home library Current library Shelving location Date acquired Total Checkouts Full call number Barcode Date last seen Copy number Price effective from Koha item type
    Dewey Decimal Classification     London London Journal article 30/03/2011   L152582 152582-1001 06/08/2019 1 06/08/2019 Journal article